MARC details
| 000 -CABECERA |
| campo de control de longitud fija |
00985nam a2200253 a 4500 |
| 005 - FECHA Y HORA DE LA ÚLTIMA TRANSACCIÓN |
| campo de control |
20210223131025.0 |
| 008 - ELEMENTOS DE LONGITUD FIJA--INFORMACIÓN GENERAL |
| campo de control de longitud fija |
090622s2007 mx r 000 0 spa d |
| 020 ## - NÚMERO INTERNACIONAL NORMALIZADO PARA LIBROS |
| Número Internacional Estándar del Libro |
9687381787 (10 dígitos) |
| 020 ## - NÚMERO INTERNACIONAL NORMALIZADO PARA LIBROS |
| Número Internacional Estándar del Libro |
9789687381787 (13 dígitos) |
| 035 ## - NÚMERO DE CONTROL DEL SISTEMA |
| Número de control de sistema |
UPN01000171328 |
| 049 ## - COLECCIÓN |
| Colección |
I |
| 050 #4 - SIGNATURA TOPOGRÁFICA DE LA BIBLIOTECA DEL CONGRESO |
| Número de clasificación |
B316 |
| Número de documento/Ítem |
R6.7 |
| 100 1# - ASIENTO PRINCIPAL--NOMBRE PERSONAL |
| Nombre de persona |
Roche, Christian |
| 9 (RLIN) |
37829 |
| 245 10 - MENCIÓN DE TÍTULO |
| Título |
Sapiencia y artimañas de Sócrates : |
| Resto del título |
el filósofo de la calle / |
| Mención de responsabilidad, etc. |
Christian Roche, Jean-Jacques Barrère ; il. Stéphane Blanquet ; tr. Marcela de Aguinaga. |
| 260 ## - PUBLICACIÓN, DISTRIBUCIÓN, ETC. |
| Lugar de publicación, distribución, etc. |
México : |
| Nombre del editor, distribuidor, etc. |
Tecolote : |
| -- |
A. Michel, |
| Fecha de publicación, distribución, etc. |
c2007. |
| 300 ## - DESCRIPCIÓN FÍSICA |
| Extensión |
173 p. : |
| Otras características físicas |
il. |
| 440 #0 - MENCIÓN DE SERIE/ASIENTO SECUNDARIO--TÍTULO |
| Título |
Maqueta |
| 534 ## - NOTA SOBRE LA VERSIÓN ORIGINAL |
| Frase introductoria |
Título original : |
| Mención de título del original |
Sagesses et malices de Socrate, le philosophe de la rue |
| 600 04 - ASIENTO SECUNDARIO DE MATERIA - NOMBRE PERSONAL |
| Nombre de persona |
SOCRATES, |
| Fechas asociadas al nombre |
470-399 A.C. - |
| Subdivisión general |
CRITICA E INTERPRETACION |
| 9 (RLIN) |
19766 |
| 650 #4 - ASIENTO SECUNDARIO DE MATERIA - TERMINO TEMATICO |
| Término de materia o nombre geográfico como elemento de entrada |
FILOSOFIA EN LA LITERATURA |
| 9 (RLIN) |
18340 |
| 650 #4 - ASIENTO SECUNDARIO DE MATERIA - TERMINO TEMATICO |
| Término de materia o nombre geográfico como elemento de entrada |
FILOSOFIA - |
| Subdivisión general |
ESTUDIO Y ENSEÑANZA (ELEMENTAL) |
| 9 (RLIN) |
24175 |
| 700 1# - ASIENTO SECUNDARIO--NOMBRE DE PERSONAL |
| Nombre de persona |
Barrère, Jean-Jacques, |
| Término indicativo de función/relación |
coaut. |
| 905 ## - TIPO DE MATERIAL |
| Tipo de material |
Infantil |